书目信息 |
| 题名: |
《洛阳名园记》详注详析新译
|
|
| 作者: | 王彩琴 , 王元明 , 杨頔 注译 | |
| 分册: | ||
| 出版信息: | 郑州 黄河水利出版社 2020.12 |
|
| 页数: | 222页 | |
| 开本: | 21cm | |
| 丛书名: | ||
| 单 册: | ||
| 中图分类: | K928.73 | |
| 科图分类: | ||
| 主题词: | 古典园林--gu dian yuan lin--介绍--中国--宋代 | |
| 电子资源: | ||
| ISBN: | 978-7-5509-2838-1 | |
| 000 | 01004nam0 2200253 450 | |
| 001 | 011025154550 | |
| 005 | 20221025154550.0 | |
| 010 | @a978-7-5509-2838-1@dCNY36.00 | |
| 100 | @a20201004d2020 em y0chiy0120 ea | |
| 101 | 0 | @achi |
| 102 | @aCN@b410000 | |
| 105 | @ay z 000yy | |
| 106 | @ar | |
| 200 | 1 | @a《洛阳名园记》详注详析新译@Aluo yang ming yuan ji xiang zhu xiang xi xin yi@f王彩琴, 王元明, 杨頔注译 |
| 210 | @a郑州@c黄河水利出版社@d2020.12 | |
| 215 | @a222页@d21cm | |
| 300 | @a河南古都文化研究中心资助学术文库成果 | |
| 330 | @a本书对李格非《洛阳名园记》记载的19处宋代名园进行详注、详析和新译,力求准确对其中的文字进行释义、翻译和赏析;在每篇赏析文章之后附上一首或数首诗词;在每个名园之后和全书的后面都有附录,收录与该名园有关的诗词文。 | |
| 606 | 0 | @a古典园林@Agu dian yuan lin@x介绍@y中国@z宋代 |
| 690 | @aK928.73@v5 | |
| 701 | 0 | @a王彩琴@Awang cai qin@4注译 |
| 701 | 0 | @a王元明@Awang yuan ming@4注译 |
| 701 | 0 | @a杨頔@Ayang di@4注译 |
| 905 | @a河南城建学院图书馆@dK928.73@eW125 | |
| 《洛阳名园记》详注详析新译/王彩琴, 王元明, 杨頔注译.-郑州:黄河水利出版社,2020.12 |
| 222页;21cm |
| 河南古都文化研究中心资助学术文库成果 |
| ISBN 978-7-5509-2838-1:CNY36.00 |
| 本书对李格非《洛阳名园记》记载的19处宋代名园进行详注、详析和新译,力求准确对其中的文字进行释义、翻译和赏析;在每篇赏析文章之后附上一首或数首诗词;在每个名园之后和全书的后面都有附录,收录与该名园有关的诗词文。 |
| ● |
| 相关链接 |
|
|
|
正题名:《洛阳名园记》详注详析新译
索取号:K928.73/W125
 
预约/预借
| 序号 | 登录号 | 条形码 | 馆藏地/架位号 | 状态 | 备注 |
| 1 | 1590808 | 215908089 | 社科库309/309社科库 19排1列1层/ [索取号:K928.73/W125] | 在馆 | |
| 2 | 1590809 | 215908098 | 社科库309/309社科库 19排1列1层/ [索取号:K928.73/W125] | 在馆 |